'H' Blitz Quiz Stats

Quiz Updated Apr 5, 2018

Also try: 'I' Blitz
Challenge
Share
Tweet
Embed
Score 0/40 Timer 04:00
16 Plays Today
Category Answer % Correct
Sense (Five Senses)Hearing
96.7%
Unit Of TimeHour
95.7%
Boxing Weight ClassHeavyweight
92.6%
US StateHawaii
91.5%
ElementHydrogen
89.7%
Playing Card SuitHearts
88.1%
Japanese Car ManufacturerHonda
87.9%
The Simpsons' Family MemberHomer
85.7%
Ivy League SchoolHarvard
84.6%
Disney DwarfHappy
82.2%
World ReligionHinduism
81.6%
Major Beer IngredientHops
78.1%
North American CountryHaiti
75.5%
English MonarchHenry VIII
75.3%
Orchestral InstrumentHarp
74.4%
Great LakeHuron
73.8%
US PresidentHoover
71.5%
Beatles SongHey Jude
71%
3 Letter Body PartHip
70.7%
Sporcle CategoryHoliday
69.2%
Category Answer % Correct
Donald Duck's NephewHuey
67.7%
US State CapitalHonolulu
67.7%
Chinese Zodiac AnimalHorse
67.5%
Shakespearean TragedyHamlet
66.9%
European CountryHungary
64%
NutHickory
60.9%
NFL CityHouston
60.5%
Olympic EventHandball
60.3%
Capital CityHavana
57.2%
2D Shape (Straight Sides)Hexagon
57.2%
Clue/Cluedo RoomHall
56.6%
Bone (Human Skeleton)Humerus
54.3%
Lord of the Rings RaceHobbit
49.1%
Ancient Wonders of the WorldHanging Gardens
48.4%
'The Iliad' Character (Trojan War)Helen Of Troy
48.1%
Hogwarts' ProfessorHagrid
36.7%
Canadian CityHalifax
35.5%
English CountyHampshire
33.1%
Japanese IslandHonshū
32.1%
Book of the BibleHaggai
29%

You're not logged in!

Compare scores with friends on all Sporcle quizzes.
Join for Free
OR
Log In

You Might Also Like...

Show Comments

Extras

Top Quizzes Today


Score Distribution

Your Account Isn't Verified!

In order to create a playlist on Sporcle, you need to verify the email address you used during registration. Go to your Sporcle Settings to finish the process.

Report this User

Report this user for behavior that violates our Community Guidelines.

Details: